Thomas and Friends into Hogwarts Houses: Logic Puzzle Quiz Stats

 Plays Quiz not verified by Sporcle

Support Sporcle.
Go Orange.
Score 0/24 Timer 20:00
0 Plays Today
Hint Answer % Correct
B4








???
99.9%
E2








???
98.3%
E1








???
41.4%
D1








???
35.6%


>
>
H1
>
>


???
34.9%


>
>
H3
>
>


???
27.4%


>
>
H2
>
>


???
26.4%
A4








???
26.4%
B1








???
25.7%
A1








???
25.7%


>
>
H4
>
>


???
24.9%
D3








???
24%
Hint Answer % Correct
D2








???
22.1%
C2








???
21.4%
C4








???
18.6%
C1








???
18.1%
A2








???
9%
E3








???
9%
A3








???
8.8%
B2








???
8.8%
C3








???
6.2%
D4








???
6.1%
E4








???
5.9%
B3








???
5.6%

You're not logged in!

Compare scores with friends on all Sporcle quizzes.
OR
Log In

From the Vault

Dalmatian or Chocolate Chip

by sproutcm

Dogs and ice cream...together at last.
Remove Ads.
Support Sporcle.
Get the best of Sporcle when you Go Orange. This ad-free experience offers more features, more stats, and more fun while also helping to support Sporcle. Thank you for becoming a member.

Show Comments

Extras

Top Quizzes Today


Score Distribution

Your Account Isn't Verified!

In order to create a playlist on Sporcle, you need to verify the email address you used during registration. Go to your Sporcle Settings to finish the process.

Report this User

Report this user for behavior that violates our Community Guidelines.

Details: